| 000 | 00947cam a22001934a 4500 | ||
|---|---|---|---|
| 005 | 20250605164137.0 | ||
| 008 | 250528s ||||||||||||||||||||||||d | ||
| 035 | _a18813 | ||
| 020 | _a471953490 | ||
| 040 |
_aGR-AtMCL _bgre _dGR-AtMCL _eAACR2 |
||
| 245 | 1 | _aWorking with Offenders / Psychological Practice in Offender Rehabilitation | |
| 260 |
_bJohn Wiley & Sons, _c1996 |
||
| 300 | _a276 | ||
| 520 | _aPreface, Criminological and Legal Psychology, Criminological Psychology: Individual and Family Factors in the Explanation and Prevention of Offending, Psychology and the Law, Service Provision, Community-Based Interventions, Working in Secure Institutions, Working with Offenders, Mentally Disordered Offenders, Sex Offenders, Violent Offenders, Alcohol and Drugs ande Criminal Behaviour, Young Offenders, Working with Offenders: What Next?, Index. | ||
| 700 | 1 |
_aHollin Clive _91834 |
|
| 942 | _cBK | ||
| 999 |
_c4126 _d4126 |
||